[Event "Rewal op-B 18th"]
[Site "Rewal"]
[Date "2013.08.29"]
[Round "9"]
[White "Kasianczuk, Krzysztof"]
[Black "Miczek, Szczepan"]
[Result "0-1"]
[WhiteElo "1560"]
[BlackElo "1797"]
[PlyCount "37"]
[EventDate "2013.08.20"]
[EventType "swiss"]
[EventRounds "9"]
[EventCountry "POL"]
[SourceTitle "CBM 156 Extra"]
[Source "ChessBase"]
[SourceDate "2013.10.22"]
[SourceVersion "1"]
[SourceVersionDate "2013.10.22"]
[SourceQuality "1"]

1. e4 c6 2. d4 d5 3. exd5 cxd5 4. c4 Nf6 5. Nc3 Nc6 6. cxd5 Nxd5 7. Nf3 Bg4 8. Be2 e6 9. a3 Be7 10. 0-0 0-0 11. h3 Bh5 12. Be3 Re8 13. Ne4 Qb6 14. b4 Red8 15. Nfg5 Bg6 16. Bh5 Nf6 17. Bxg6 hxg6 18. Qf3 Nxd4 19. Qg3 0-1

[Event "Rewal op-B 18th"]
[Site "Rewal"]
[Date "2013.08.24"]
[Round "5"]
[White "Kowacz, Agnieszka"]
[Black "Miczek, Szczepan"]
[Result "0-1"]
[WhiteElo "1366"]
[BlackElo "1797"]
[PlyCount "76"]
[EventDate "2013.08.20"]
[EventType "swiss"]
[EventRounds "9"]
[EventCountry "POL"]
[SourceTitle "CBM 156 Extra"]
[Source "ChessBase"]
[SourceDate "2013.10.22"]
[SourceVersion "1"]
[SourceVersionDate "2013.10.22"]
[SourceQuality "1"]

1. e4 c6 2. c4 d5 3. e5 Bf5 4. d4 e6 5. Nc3 Bb4 6. c5 b6 7. cxb6 Qxb6 8. Nf3 Nd7 9. Qb3 Ne7 10. a3 Bxc3+ 11. Qxc3 0-0 12. b4 a5 13. bxa5 Qxa5 14. Qxa5 Rxa5 15. Be2 Rfa8 16. 0-0 c5 17. dxc5 Nxc5 18. Nd4 Ra4 19. Nxf5 Nxf5 20. Bb5 R4a5 21. Be2 h6 22. h3 Nb3 23. Ra2 Nxc1 24. Rxc1 Rxa3 25. Rxa3 Rxa3 26. Rc8+ Kh7 27. Rc7 Kg8 28. Rc8+ Kh7 29. Rc7 Kg6 30. Bb5 Ra8 31. g4 Nd4 32. Bd3+ f5 33. h4 Nf3+ 34. Kg2 Ne1+ 35. Kg3 Nxd3 36. h5+ Kh7 37. Re7 Ra6 38. Rf7 Nxe5 0-1

[Event "Rewal op-B 18th"]
[Site "Rewal"]
[Date "2013.08.23"]
[Round "4"]
[White "Miczek, Szczepan"]
[Black "Vakhitov, Dmitry"]
[Result "0-1"]
[WhiteElo "1797"]
[BlackElo "1664"]
[PlyCount "60"]
[EventDate "2013.08.20"]
[EventType "swiss"]
[EventRounds "9"]
[EventCountry "POL"]
[SourceTitle "CBM 156 Extra"]
[Source "ChessBase"]
[SourceDate "2013.10.22"]
[SourceVersion "1"]
[SourceVersionDate "2013.10.22"]
[SourceQuality "1"]

1. e4 c5 2. Nf3 d6 3. d4 cxd4 4. Nxd4 Nf6 5. Nc3 a6 6. Bg5 Nbd7 7. f4 h6 8. Bh4 e6 9. Qf3 Be7 10. 0-0-0 Qc7 11. Qg3 0-0 12. Bd3 b5 13. Qf3 Bb7 14. g4 b4 15. Nce2 Nc5 16. Bxf6 Bxf6 17. h4 Bxd4 18. Nxd4 f5 19. Rhe1 fxe4 20. Bxe4 Bxe4 21. Rxe4 Nxe4 22. Qxe4 Rae8 23. Nxe6 Qe7 24. f5 Qxh4 25. Qxb4 Rf7 26. Rxd6 Rxf5 27. Qd4 Rf1+ 28. Kd2 Qe1+ 29. Kd3 Rxe6 30. Rd8+ Kh7 0-1

[Event "Rewal op-B 18th"]
[Site "Rewal"]
[Date "2013.08.22"]
[Round "3"]
[White "Krzysztofiak, Zdzislaw"]
[Black "Miczek, Szczepan"]
[Result "1/2-1/2"]
[WhiteElo "1685"]
[BlackElo "1797"]
[PlyCount "58"]
[EventDate "2013.08.20"]
[EventType "swiss"]
[EventRounds "9"]
[EventCountry "POL"]
[SourceTitle "CBM 156 Extra"]
[Source "ChessBase"]
[SourceDate "2013.10.22"]
[SourceVersion "1"]
[SourceVersionDate "2013.10.22"]
[SourceQuality "1"]

1. e4 c6 2. d4 d5 3. Nc3 dxe4 4. Nxe4 Bf5 5. Ng3 Bg6 6. h4 h6 7. h5 Bh7 8. Nf3 Nd7 9. Bd3 Bxd3 10. Qxd3 Ngf6 11. Bd2 e6 12. Qb3 Qb6 13. c4 Qxb3 14. axb3 Bd6 15. 0-0-0 Bxg3 16. fxg3 Ne4 17. Be1 0-0-0 18. Rh4 Nef6 19. Bf2 b6 20. Kc2 Rhe8 21. Ra1 Kb7 22. Ne5 Nxe5 23. dxe5 Nd7 24. Bd4 c5 25. Bc3 Nb8 26. Rf4 Rd7 27. b4 cxb4 28. Bxb4 Nc6 29. Bd6 f6 1/2-1/2

[Event "Rewal op-B 18th"]
[Site "Rewal"]
[Date "2013.08.20"]
[Round "1"]
[White "Stankiewicz, Pawel"]
[Black "Miczek, Szczepan"]
[Result "1-0"]
[WhiteElo "2058"]
[BlackElo "1797"]
[PlyCount "113"]
[EventDate "2013.08.20"]
[EventType "swiss"]
[EventRounds "9"]
[EventCountry "POL"]
[SourceTitle "CBM 156 Extra"]
[Source "ChessBase"]
[SourceDate "2013.10.22"]
[SourceVersion "1"]
[SourceVersionDate "2013.10.22"]
[SourceQuality "1"]

1. e4 c6 2. d4 d5 3. e5 Bf5 4. Nd2 e6 5. Nb3 Nd7 6. Nf3 Bg6 7. Be2 a6 8. Bd2 c5 9. dxc5 Nxc5 10. Nxc5 Bxc5 11. 0-0 Ne7 12. c3 0-0 13. a4 Nc6 14. b4 Be7 15. b5 Na5 16. Nd4 Qc7 17. f4 Nc4 18. g4 Be4 19. Bf3 Bxf3 20. Rxf3 axb5 21. Nxb5 Qb6+ 22. Kg2 Rac8 23. Qe2 f5 24. exf6 Bxf6 25. g5 Bd8 26. Re1 Bc7 27. Qd3 Nb2 28. Qc2 Nc4 29. Qd3 Nb2 30. Qe2 Nxa4 31. Qxe6+ Qxe6 32. Rxe6 Nc5 33. Nxc7 Rxc7 34. Rd6 Rd7 35. Rxd7 Nxd7 36. Rd3 Nb6 37. Kf3 Rd8 38. f5 Kf7 39. Kf4 Nc4 40. Bc1 Ke7 41. Rh3 Rh8 42. Be3 Nxe3 43. Rxe3+ Kd6 44. Re6+ Kd7 45. Ke5 Rc8 46. Rb6 Kc7 47. Rd6 Kb8 48. f6 gxf6+ 49. gxf6 Re8+ 50. Kxd5 Kc7 51. f7 Rf8 52. Rf6 Kd7 53. c4 Ke7 54. Rf4 Kd7 55. Ke5 Ke7 56. c5 Kd7 57. Kf6 1-0

[Event "POL-chT U19 2nd League"]
[Site "Chelm Lubelski"]
[Date "2010.07.06"]
[Round "1"]
[White "Miczek, Szczepan"]
[Black "Szpar, Szymon"]
[Result "1-0"]
[WhiteElo "1830"]
[BlackElo "1370"]
[PlyCount "49"]
[EventDate "2010.07.06"]
[EventType "team-tourn"]
[EventRounds "11"]
[EventCountry "POL"]
[SourceTitle "EXT 2019"]
[Source "ChessBase"]
[SourceDate "2018.10.10"]
[SourceVersion "1"]
[SourceVersionDate "2018.10.10"]
[SourceQuality "1"]
[WhiteTeam "Krosno KKSz Urania U19"]
[BlackTeam "Rzeszow Staroniwa U19"]
[WhiteTeamCountry "POL"]
[BlackTeamCountry "POL"]

1. e4 c5 2. Nf3 d6 3. d4 cxd4 4. Nxd4 Nf6 5. Nc3 g6 6. Bc4 Bg7 7. Bb3 Nbd7 8. Be3 a6 9. f3 Qc7 10. Qd2 h5 11. 0-0-0 b5 12. Nd5 Nxd5 13. exd5 Bb7 14. Rhe1 Nc5 15. Bg5 Nxb3+ 16. axb3 Bf8 17. Ne2 Rc8 18. Nc3 b4 19. Qd4 Rh7 20. Qxb4 Bxd5 21. Rxd5 e6 22. Rd3 d5 23. Qa4+ Qc6 24. Qxc6+ Rxc6 25. Rxd5 1-0